00585nam a22001937a 45000050016000000100029000160200026000450350027000710370013000980370016001110820008001271000032001352450082001672600041002492700072002903000023003627000003003857100003003882011092600190.0 aENG-103828 B-464508-537 a9789380834399c180.00 aEN-87361 B-464508-537 bDBAD/PUB bK.K.Pub/Ven a485 aShrivastava, Avinash Pratap aA comprehensive approach to English grammar /cby Avinash Pratap Shrivastava aBhopalbIndra Publishing Housec2011 aE-5/21 Arera Colony, Habibganj Police station Road,bBhopale462016 a292p. c24cm (pbk)